Advanced topics in Forensic DNA Typing: Methodology (Record no. 246939)

MARC details
000 -LEADER
fixed length control field 00462nam a2200181Ia 4500
008 - FIXED-LENGTH DATA ELEMENTS--GENERAL INFORMATION
fixed length control field 240913s9999||||xx |||||||||||||| ||und||
082 ## - DEWEY DECIMAL CLASSIFICATION NUMBER
-- 614.1 Q2
100 ## - MAIN ENTRY--PERSONAL NAME
Personal name Butler, John M
245 #0 - TITLE STATEMENT
Title Advanced topics in Forensic DNA Typing: Methodology
250 ## - EDITION STATEMENT
Edition statement 1st
260 ## - PUBLICATION, DISTRIBUTION, ETC. (IMPRINT)
Date of publication, distribution, etc 2012
Name of publisher, distributor, etc Els
Place of publication, distribution, etc Japan
500 ## - GENERAL NOTE
General note REFERENCE
650 ## - SUBJECT ADDED ENTRY--TOPICAL TERM
Topical term or geographic name as entry element Forensic Science
942 ## - ADDED ENTRY ELEMENTS (KOHA)
Item type Reference
Holdings
Withdrawn status Lost status Damaged status Permanent location Current location Shelving location Date acquired Source of acquisition Cost, normal purchase price Full call number Barcode Date last seen Koha item type
      CENTRAL LIBRARY, NOORUL ISLAM CENTRE FOR HIGHER EDUCATION CENTRAL LIBRARY, NOORUL ISLAM CENTRE FOR HIGHER EDUCATION   10/03/2019 The Standard Book Company, Bangalore 7560.00 614.1 Q2 80614 09/13/2024 Reference
Visitors:
Copyright © 2024 Central Library NICHE.  All rights reserved.